Statistics for Foods that start with D

Click here to take the quiz!

General Stats

  • This quiz has been taken 52 times
  • The average score is 9 of 16

Answer Stats

Answer% Correct
Donut
100%
Date
75%
Deviled egg
75%
Drumstick
75%
Dark chocolate
73%
Dragonfruit
73%
Dill
70%
Dumpling
59%
Dandelion
57%
Dried apricot
48%
Duck
48%
Danish
45%
Dim sum
27%
Daikon
23%
Dolmas
5%
Damson
2%

Score Distribution

Percentile by Number Answered

Percent of People with Each Score

Your Score History

You have not taken this quiz